Statistics for Top 20 Most Famous Nobel Prize Winners for Literature

Click here to take the quiz!

General Stats

  • This quiz has been taken 531 times
  • The average score is 7 of 20

Answer Stats

%NationalityAuthor% Correct
49ColombianGabriel García Márquez
68%
53USErnest Hemingway
55%
34IrishSamuel Beckett
47%
53FrenchJean-Paul Sartre
45%
32IrishWilliam Butler Yeats
45%
40GermanThomas Mann
42%
47FrenchAlbert Camus
41%
34USJohn Steinbeck
38%
47ChineseMo Yan
38%
41GermanGünter Grass
37%
39ChileanPablo Neruda
37%
33TurkishOrhan Pamuk
34%
42USWilliam Faulkner
33%
31GermanHermann Hesse
32%
41BritishWinston Churchill
32%
30IrishSeamus Heaney
30%
31ItalianDario Fo
26%
39BritishRudyard Kipling
23%
35BritishDoris Lessing
22%
37BritishWilliam Golding
21%

Score Distribution

Percentile by Number Answered

Percent of People with Each Score

Your Score History

You have not taken this quiz